000 00446nam a22001577a 4500
005 20241113111043.0
008 241113b |||||||| |||| 00| 0 eng d
020 _a9789988099114
050 _aQD42
_bDOK
100 _aDOKU, GEORGE NARH
245 _aCHEMISTRY WORLD;
_bQUESTIONS AND SOLUTIONS IN BASIC CHEMISTRY
260 _aTEMA
_bULTRASCIENCE BOOKS AND PUBLICATIONS
_cc2007
300 _a617p
500 _aincludes index
942 _2lcc
_cBK
_n0
999 _c1105
_d1105